| 000 | 00725nam a22002057a 4500 | ||
|---|---|---|---|
| 003 | OSt | ||
| 005 | 20250822093825.0 | ||
| 008 | 250822b |||||||| |||| 00| 0 eng d | ||
| 040 |
_aDWC-Main Lib _cOC |
||
| 082 | _aFil. 330.9 E19 1996 | ||
| 100 | _aDejillas, Leopoldo J. | ||
| 245 |
_aEconomic policy and market economy : _bthe Philippine setting/ _cLeopoldo J. Dejillas |
||
| 260 |
_aMakati City, Philippines : _bInstitute of Development Research and Studies (IDRS), _cc1996. |
||
| 300 |
_ax, 190 pages : _billustrations ; _c22cm. |
||
| 504 | _aIncludes bibliographical references. | ||
| 650 | _a1. Philippines. | ||
| 650 | _a2. Economic Policy. | ||
| 650 | _a3. Economic History. | ||
| 942 |
_2ddc _cBK - FIL _kFil. _n0 |
||
| 999 |
_c4212 _d4212 |
||